000 00578nam a2200217Ia 4500
003 IIN
005 20251125124151.0
008 231217s9999 xx 000 0 und d
020 _cRs.450.00
_a9789350251119
040 _aIIN
_bEnglish
082 _a610.73072
_bNIR
100 1 _aNirmala, V
245 1 _aResearch Methodology in Nursing
_cNirmala V, J Silvia Edison and Suni M.S
260 _bJaypee
_aKochi
_c2011
300 _axiii, 192 p.
650 1 _aResearch
650 1 _aResearch Methodology
700 1 _aEdison, J Silvia
700 1 _aSuni, M.S
942 _cBOOK
999 _c772
_d772